000 00850cam a2200217 4500
001 ABS61723
008 000000n1999 000 0 eng u
035 _a(Sirsi) u103245
100 _aBeresford, N.
245 4 _aThe draft limited liability partnership bill: a good deal for small businesses
260 _c1999
490 _aNLJ Practitioner
_v 149(6911) 5 November 1999, 1647-1649(3)
520 _aConsiders the implications of the recent Limited Liability Partnerships Bill, which aims to allow partners in a business to have their own legal status and sole responsibilty for their own wrongs.
590 _aABS
650 _aPARTNERSHIPS
650 _aLIMITED LIABILITY PARTNERSHIPS
650 _aLEGAL RESPONSIBILITIES
650 _aSMALL BUSINESSES
690 _aMANAGEMENT-BUSINESS MANAGEMENT-PROFESSIONAL PRACTICE
942 _n0
999 _c62047
_d62047